000 00393nam a2200169Ia 4500
008 210210b1935 xxu||||| |||| 00| 0 eng d
041 _aeng
082 _a331/268
100 _a_
245 _aScottish bankers magazine
260 _aEdinburg
_bWilliam Blackwood and Sons
_c1935
650 _aScottish
650 _amagazine
650 _abankers
690 _aBanking
906 _a004170
999 _c123229
_d123229